Long-Named Countries A-Z Quiz Stats

 Plays Quiz Updated Dec 6, 2016

Challenge
Share
Tweet
Embed
Score 0/15 Timer 03:00
8 Plays Today
Letter Long Country/Countries % Correct
SSt. Kitts and Nevis, St. Vincent and the Grenadines, São Tomé and Príncipe, Saudi Arabia, Sierra Leone, Solomon Islands, South Africa, Switzerland
84.7%
AAfghanistan, Antigua and Barbuda
83.6%
DDemocratic Republic of the Congo, Dominican Republic
80.5%
UUnited Arab Emirates, United Kingdom, United States
79.4%
TTrinidad and Tobago, Turkmenistan
77.5%
BBosnia and Herzegovina, Burkina Faso
67.5%
PPapua New Guinea, Philippines
62.9%
VVatican City
61.9%
Letter Long Country/Countries % Correct
CCôte d'Ivoire, Central African Republic
60.7%
RRepublic of Congo
54.1%
LLiechtenstein
53.4%
EEquatorial Guinea
51.5%
MMarshall Islands
47.4%
GGuinea-Bissau
46.6%
NNetherlands
34.8%

You're not logged in!

Compare scores with friends on all Sporcle quizzes.
Join for Free
OR
Log In

You Might Also Like...

Show Comments

Extras

Top Quizzes Today


Score Distribution

Your Account Isn't Verified!

In order to create a playlist on Sporcle, you need to verify the email address you used during registration. Go to your Sporcle Settings to finish the process.

Report this User

Report this user for behavior that violates our Community Guidelines.

Details: